Les ouvriers en France 1700-1835 : 1700-1835 (notice n° 2198657)
[ vue normale ]
| 000 -LEADER | |
|---|---|
| fixed length control field | 01283cam a2200133 4500500 |
| 005 - DATE AND TIME OF LATEST TRANSACTION | |
| control field | 20260405085557.0 |
| 041 ## - LANGUAGE CODE | |
| Language code of text/sound track or separate title | fre |
| 042 ## - AUTHENTICATION CODE | |
| Authentication code | dc |
| 100 10 - MAIN ENTRY--PERSONAL NAME | |
| Personal name | Guicheteau, Samuel |
| Relator term | author |
| 245 00 - TITLE STATEMENT | |
| Title | Les ouvriers en France 1700-1835 : 1700-1835 |
| 260 ## - PUBLICATION, DISTRIBUTION, ETC. | |
| Name of publisher, distributor, etc. | Armand Colin,<br/> |
| Date of publication, distribution, etc. | 2014.<br/> |
| 520 ## - SUMMARY, ETC. | |
| Summary, etc. | Dès 1700, les ouvriers sont nombreux dans la société française. Hommes et femmes, ruraux et citadins, ils présentent une grande diversité et ne se sentent pas appartenir à une même classe : il existe donc des mondes ouvriers. Cependant les ouvriers développent au travail des pratiques comparables fondées sur la qualification et l’autonomie. Ils partagent aussi l’expérience de l’industrialisation, des Lumières, de la Révolution française et de celle de 1830. Cet ouvrage met en lumière le façonnement de l’identité des ouvriers et leur rôle dans les évolutions de la société française, du début du XVIIIe siècle à celui du XIXe siècle. En 1835, la question ouvrière est devenue essentielle. En nous présentant la genèse de la société industrielle, l’auteur nous donne des clés pour comprendre le monde du travail contemporain. |
| 856 41 - ELECTRONIC LOCATION AND ACCESS | |
| Uniform Resource Identifier | <a href="https://shs.cairn.info/les-ouvriers-en-france--9782200277420?lang=fr&redirect-ssocas=7080">https://shs.cairn.info/les-ouvriers-en-france--9782200277420?lang=fr&redirect-ssocas=7080</a> |
Pas d'exemplaire disponible.




Réseaux sociaux